000 01132nam a2200241 a 4500
001 000035818
005 20200930074633.0
008 111114s1979 mx 000 0 spa d
040 _aDO-SdBNP
_bspa
_cBNPHU
100 1 _aCaruso, Igor A.,
_d1914-
_961777
245 1 0 _aPsicoanálisis, marxismo y utopía /
_cpor Igor A. Caruso ; traducción de Rosa Tanco Duque, Raúl Páramo Ortega y Armando Suárez.
250 _a2a ed.
260 _aMéxico :
_bSiglo Veintiuno Editores,
_c1979.
300 _a205 p. ;
_c16 cm.
490 1 _aMínima ;
_v68
505 0 _tSirve el psicoanálisis de coartada social? --
_tContribución al estudio de los conceptos de pulsión de muertre y de agresividad en Freud --
_tHacia una psicología social de la conquista del cosmos --
_tAdquisición o destrucción de la soberanía humana? --
_tRacionalidad e irracionalidad en el yo colectivo.
590 _aPerteneció a la biblioteca personal de Juan Isidro Jimenes Grullón
700 1 2 _aTanco Duque, Rosa
_961778
700 1 2 _aPáramo Ortega, Raúl
_961779
700 1 2 _aSuárez, Armando
_961780
830 0 _aMínima ;
_v68
_928232
049 _aBNPD
999 _c35309
_d35309